| 000 | 00393nam a22001577a 4500 | ||
|---|---|---|---|
| 003 | MACL | ||
| 005 | 20160726160309.0 | ||
| 008 | 160726b xxu||||| |||| 00| 0 eng d | ||
| 040 | _cMACL | ||
| 041 | _aEnglish | ||
| 082 | _a355 SIN | ||
| 100 |
_aSingh, Sunjoy K _965407 |
||
| 245 |
_aMajor Opertions Of R & AW _cSunjoy K Singh |
||
| 260 |
_aNew Delhi _bLenin Media _c2015 |
||
| 942 |
_2ddc _cHIN |
||
| 999 |
_c55047 _d55047 |
||